| 000 | 01111nam a2200229Ia 4500 | ||
|---|---|---|---|
| 001 | 7351 | ||
| 003 | GE_BSU | ||
| 008 | 181216s||||||||xx |||||||||||||| ||und|| | ||
| 020 | _a9789941177750 | ||
| 040 | _cGE_BSU | ||
| 080 | _a008(=353.1)+908(479.22) | ||
| 100 | _aფეიქრიშვილი ჟუჟუნა,ივეტა ვაშაკიძე. | ||
| 245 | _aმასალები საზღვარგარეთული ქართველოლოგიის ისტორიისათვის. (წიგნი პირველი) | ||
| 245 | _bMaterials For The History Of International Kartvelian Studies. Book 1. | ||
| 245 | _cრედ.: რუსუდან ზექალაშვილი. | ||
| 260 | _aთბილისი. | ||
| 260 | _bუნივერსალი. | ||
| 260 | _c2012. | ||
| 300 | _a343 გვ.; 20 სმ. | ||
| 653 | _aმასალები საზღვარგარეთული ქართველოლოგიის ისტორიისათვის. (წიგნი პირველი) | ||
| 942 | _cBK | ||
| 999 |
_c40714 _d40714 |
||